| 000 | 01138nam a22003377a 4500 | ||
|---|---|---|---|
| 003 | CHAP | ||
| 005 | 20220329140146.0 | ||
| 008 | 971013s1990 r 00010 d | ||
| 010 | _a47837 | ||
| 011 | _a48809 | ||
| 035 | _a52956 | ||
| 040 | _cCHAP | ||
| 090 | _aFolleto 7487 (1990) | ||
| 100 | 0 | 0 |
_aAlvarado Colle, Ana Daniela. _94770 |
| 245 | _aGuía para cultivar chile ancho en el norte de Guanajuato | ||
| 250 | _a2 ed. corr. y aum. | ||
| 260 |
_aSan José Iturbide, Gto. : _bINIFAP. Campo Experimental Norte de Guanajuato, _c1990 |
||
| 300 | _a14 p. | ||
| 490 |
_aINIFAP. Folleto para productores _v; 1 |
||
| 590 |
_aBATCH-UPD _b10 _c20130110 _lUCH01 _h0034 |
||
| 590 |
_aBATCH-UPD _b10 _c20130110 _lUCH01 _h1907 |
||
| 590 |
_aBATCH-UPD _b10 _c20130410 _lUCH01 _h1235 |
||
| 590 |
_aBATCH-UPD _b10 _c20130914 _lUCH01 _h2016 |
||
| 590 |
_aCONVERSION _b10 _c20130109 _lUCH01 _h1326 |
||
| 650 | 1 | 4 |
_aChile poblano. _922495 |
| 700 | 0 |
_aHernández Armenta, Rogelio. _953818 |
|
| 830 | 0 |
_aINIFAP. Folleto para productores _v; 1 _958719 |
|
| 901 | _aBK | ||
| 942 | _cFOLL | ||
| 949 |
_aFolleto 7487 (1990) _bBC _cFOLL _d-117697 _eTS1 _i52956 _si |
||
| 999 |
_c47837 _d47837 |
||